000
00318nam a2200133Ia 4500
005
20251222144858.0
008
251222s9999||||xx |||||||||||||| ||spa||
020
_a
9786124126031
082
_a
746.098.5/M61
245
0
_a
Textiles de Pachacamac
250
_a
1ra.ed.
264
_b
Ministerio de Cultura
942
_c
LIB
999
_c
21883
_d
21883